CASLE Newsletter (Record no. 118744)

MARC details
000 -LEADER
fixed length control field 00761cas a22002175a 4500
001 - CONTROL NUMBER
control field ##L113690
005 - DATE AND TIME OF LATEST TRANSACTION
control field 20260316105855.0
008 - FIXED-LENGTH DATA ELEMENTS--GENERAL INFORMATION
fixed length control field 010718c2000 xxkqr p 0 a0eng u
022 0# - INTERNATIONAL STANDARD SERIAL NUMBER
International Standard Serial Number 0039-6265
035 ## - SYSTEM CONTROL NUMBER
System control number (Sirsi) u113690
041 0# - LANGUAGE CODE
Language code of text/sound track or separate title eng
110 2# - MAIN ENTRY--CORPORATE NAME
Corporate name or jurisdiction name as entry element Commonwealth Association of Surveying and Land Economy
9 (RLIN) 2570
245 00 - TITLE STATEMENT
Title CASLE Newsletter
260 ## - PUBLICATION, DISTRIBUTION, ETC.
Place of publication, distribution, etc. Bristol
Name of publisher, distributor, etc. CASLE
Date of publication, distribution, etc. 1990-2020
362 ## - DATES OF PUBLICATION AND/OR SEQUENTIAL DESIGNATION
Dates of publication and/or sequential designation (18) September 2000-
520 ## - SUMMARY, ETC.
Summary, etc. Physical copies for issues 1 (October 1990) to issue 34 (March 2009). Then print outs of e-newsletter for April 2105 to Jan 2020.
651 #4 - SUBJECT ADDED ENTRY--GEOGRAPHIC NAME
Geographic name International
690 ## - LOCAL SUBJECT ADDED ENTRY--TOPICAL TERM (OCLC, RLIN)
Topical term or geographic name as entry element PROPERTY
856 41 - ELECTRONIC LOCATION AND ACCESS
Uniform Resource Identifier <a href="https://www.casle.org/">https://www.casle.org/</a>
Public note View the latest CASLE Newsletter free of charge at www.casle.org...
942 ## - ADDED ENTRY ELEMENTS (KOHA)
Suppress in OPAC 0
Source of classification or shelving scheme Dewey Decimal Classification
Holdings
Withdrawn status Lost status Source of classification or shelving scheme Damaged status Not for loan Home library Current library Shelving location Date acquired Total Checkouts Full call number Barcode Date last seen Price effective from Koha item type
    Dewey Decimal Classification     London London Surveying Profession history 27/10/2004   CASLE NEWSLETTER 113690-1001 16/03/2026 06/08/2019 Journal